| 000 | 00847nam a22002537a 4500 | ||
|---|---|---|---|
| 005 | 20170124110203.0 | ||
| 010 | _aA-933617 | ||
| 020 |
_c79.00 _a8120311868 |
||
| 035 | _aA-933617 | ||
| 037 | _bCen Lib/Ret | ||
| 040 |
_aDPL _bEN |
||
| 082 |
_a004 _bDAS |
||
| 100 |
_aDastidar, D. Ghosh _922614 |
||
| 245 |
_aComputers and computation : _cby D. Ghosh Dastidar, S. Chattopadhyay [and] U. K. Sarkar _ba beginner's guide / |
||
| 260 |
_aNew Delhi _bPrintice-Hall of India _c1997 |
||
| 270 |
_aM-97, Cannaught Circus _bNew Delhi _e110001 |
||
| 300 |
_ax,214p. _c24cm (Hb) |
||
| 500 | _aIncludes bibliographical references and index | ||
| 650 |
_aElectronic data processing _920497 |
||
| 650 |
_aComputers _936611 |
||
| 700 |
_aChattopadhyay, S. _936612 |
||
| 700 |
_aSarkar, U. K. _936613 |
||
| 942 |
_2ddc _cEN _h004 _mDAS |
||
| 999 |
_c133035 _d133035 |
||